Indiquez la profession des parents ! 4 - Statistiques

Statistiques générales
  • Ce quiz a été pris 9 fois
  • Le résultat moyen est 2 sur 20
Statistiques - réponses
Hint Réponse % Correct
Matthieu Chedid Chanteur
44%
Dick Rivers Boucher
33%
Michel Polnareff Musicien / Danseuse
22%
Dranem Artisan joaillier / Kiosquière
11%
Gaston Ouvrard Artiste de variétés
11%
Luis Mariano Garagiste / Brodeuse
11%
Axel Bauer Haut-fonctionnaire
11%
Bénabar Régisseur de cinéma / Libraire
11%
Didier Barbelivien Commerçant en import-export
0%
Marc Laloine Employé des PTT / Secrétaire
0%
Julio Iglesias Gynécologue
0%
Jean-Louis Aubert Haut-fonctionnaire
0%
Jean-Pierre Mader Hôtelier / Infirmière
0%
Pierre Vassiliu Médecin
0%
Nicolas Peyrac Médecins
0%
Etienne Daho Militaire de carrière
0%
Alain Souchon Professeur / Romancière
0%
Tom Novembre Professeurs
0%
Georges Guétary Surveillant d'une plantation de coton
0%
François Feldman Tailleur / Infirmière
0%
Aucun quiz correspondant
Distribution des résultats
% des personnes avec chaque résultat
Percentile par nombre de réponses
Votre historique - résultats
Vous n’avez pas pris ce quiz